00988nam a2200241 a 450000100100000000500170001000800410002702000150006804000250008308200170010810000230012524500530014826000360020130000210023765000240025865000250028265000330030765000280034095201290036895201140049795201200061199900150073100000649120260202095302.0090831s2006 dr 000 0 spa d a9945160281 aDO-SdBNPbspacBNPHU a291.4bR741e1 aRojas, Frank9180113aLa espada del soldado espiritual /cFrank Rojas. aSanto Domingo :bBúho,c2006. a172 p. ;c22 cm. 0aEspiritualidad9613 0aVida espiritual9268 4aDirección espiritual96470 0aPoesía dominicana966 001054708DSaGRbGRcHDd2009-08-31iLF1l0o291.4 R741ep6491-30r2020-06-25te. 3w2020-06-25yLFDSZPréstamo en sala 0010718PDaPDbPDcHDd2009-08-31iLF1l0o291.4 R741ep6491-10r2020-06-25w2020-06-25yLFPDZNo se presta 0010718PDaPDbPDcHDd2009-08-31iLF1l0o291.4 R741ep6491-20r2020-06-25te. 2w2020-06-25yLFPDZNo se presta c6282d6282